000 00603nam a2200181 4500
001 118714
003 ES-MaACL
007 t|
008 070214s1970 fr r ||||1| fre d
100 1 _aPetit-Dutaillis, Charles.
_991516
245 1 4 _aLes communes françaises
_b: caractères et évolution des origines au XVIII siècle /
_cCharles Petit-Dutaillis.
260 _aParis :
_bAlbin Michel,
_c1970.
300 _a379 p. ;
_c18 cm.
490 1 _aL'evolution de l'humanité ;
_v25
830 0 _aL'evolution de l'humanité ;
_v25
_9181507
852 _aES-MaACL
_jE-5704
_bR.89808
999 _c118714
_d118714